[Event "2023 US National Elementary K-6 Championship"]
[Site "Baltimore, Maryland, United States"]
[Date "2023.05.14"]
[Round "7.11"]
[White "Mansurov, Yusuf"]
[Black "Wang, Connor"]
[Result "1/2-1/2"]
[TimeControl "G/90; d10"]
[WhiteElo "2045"]
[BlackElo "1869"]

1. e4 {[%emt 00:00:05]} c5 {[%clk 01:30:00]} {[%emt 00:00:03]} 2. c3 {[%clk
01:30:00]} {[%emt 00:00:05]} Nf6 {[%clk 01:30:00]} {[%emt 00:00:04]} 3. e5
{[%clk 01:30:00]} {[%emt 00:00:04]} Nd5 {[%clk 01:30:00]} {[%emt 00:00:03]} 4.
d4 {[%clk 01:30:00]} {[%emt 00:00:05]} cxd4 {[%clk 01:30:00]} {[%emt 00:00:04]}
5. cxd4 {[%clk 01:30:00]} {[%emt 00:00:05]} d6 {[%clk 01:30:00]} {[%emt
00:00:06]} 6. Nf3 {[%clk 01:30:00]} {[%emt 00:00:04]} e6 {[%clk 01:30:00]}
{[%emt 00:00:05]} 7. Bc4 {[%clk 01:30:00]} {[%emt 00:00:07]} Be7 {[%clk
01:30:00]} {[%emt 00:00:05]} 8. O-O {[%clk 01:30:00]} {[%emt 00:00:08]} O-O
{[%clk 01:30:00]} {[%emt 00:00:04]} 9. Qe2 {[%clk 01:30:00]} {[%emt 00:00:07]}
Nc6 {[%clk 01:29:21]} {[%emt 00:00:49]} 10. Rd1 {[%clk 01:29:36]} {[%emt
00:00:33]} Qc7 {[%clk 01:24:35]} {[%emt 00:04:57]} 11. Bxd5 {[%clk 01:28:40]}
{[%emt 00:01:07]} exd5 {[%clk 01:24:24]} {[%emt 00:00:21]} 12. Bf4 {[%clk
01:27:42]} {[%emt 00:01:08]} dxe5 {[%clk 01:19:41]} {[%emt 00:04:53]} 13. Nxe5
{[%clk 01:24:37]} {[%emt 00:03:14]} Nxe5 {[%emt 00:03:33]} 14. Bxe5 {[%clk
01:21:57]} {[%emt 00:00:48]} Qb6 {[%clk 01:07:13]} {[%emt 00:11:18]} 15. Bxg7
{[%clk 01:16:03]} {[%emt 00:06:04]} Kxg7 {[%clk 01:05:37]} {[%emt 00:01:46]} 16.
Qxe7 {[%clk 01:16:03]} {[%emt 00:00:09]} Qxb2 {[%clk 01:05:07]} {[%emt
00:00:41]} 17. Na3 {[%clk 01:15:00]} {[%emt 00:01:13]} Qb6 {[%clk 01:00:37]}
{[%emt 00:04:39]} 18. Qg5+ {[%clk 01:00:25]} {[%emt 00:14:45]} Qg6 {[%clk
00:58:23]} {[%emt 00:02:25]} 19. Qxd5 {[%clk 01:00:13]} {[%emt 00:00:22]} Bg4
{[%clk 00:55:20]} {[%emt 00:03:13]} 20. Rd2 {[%clk 00:56:04]} {[%emt 00:04:19]}
b6 {[%clk 00:45:55]} {[%emt 00:09:36]} 21. Re1 {[%clk 00:47:57]} {[%emt
00:08:15]} Rfe8 {[%clk 00:42:13]} {[%emt 00:03:54]} 22. Rc1 {[%clk 00:34:27]}
{[%emt 00:13:39]} Rad8 {[%clk 00:37:11]} {[%emt 00:05:12]} 23. Qb3 {[%clk
00:30:45]} {[%emt 00:03:46]} Qg5 {[%clk 00:33:23]} {[%emt 00:04:04]} 24. Qd3
{[%clk 00:22:53]} {[%emt 00:08:01]} Re2 {[%clk 00:26:00]} {[%emt 00:07:34]} 25.
Nc4 {[%clk 00:17:52]} {[%emt 00:05:11]} Qf4 {[%clk 00:16:11]} {[%emt 00:09:58]}
26. f3 {[%clk 00:07:50]} {[%emt 00:10:12]} Rxd2 {[%clk 00:15:16]} {[%emt
00:01:06]} 27. Qxd2 {[%clk 00:07:42]} {[%emt 00:00:17]} Qxd2 {[%clk 00:15:12]}
{[%emt 00:00:14]} 28. Nxd2 {[%clk 00:07:42]} {[%emt 00:00:06]} Be6 {[%clk
00:15:12]} {[%emt 00:00:09]} 1/2-1/2

[Event "2023 US National Elementary K-6 Championship"]
[Site "Baltimore, Maryland, United States"]
[Date "2023.05.14"]
[Round "7.9"]
[White "Goodrich, Elliott"]
[Black "Wu, Andrew"]
[Result "0-1"]
[TimeControl "G/90; d10"]
[WhiteElo "1861"]
[BlackElo "2088"]

1. e4 {[%clk 01:30:00]} {[%emt 00:00:03]} c5 {[%clk 01:30:00]} {[%emt
00:00:07]} 2. Nf3 {[%clk 01:30:00]} {[%emt 00:00:04]} d6 {[%clk 01:30:00]}
{[%emt 00:00:07]} 3. d4 {[%clk 01:30:00]} {[%emt 00:00:08]} cxd4 {[%clk
01:30:00]} {[%emt 00:00:05]} 4. Nxd4 {[%clk 01:30:00]} {[%emt 00:00:05]} Nf6
{[%clk 01:30:00]} {[%emt 00:00:07]} 5. Nc3 {[%clk 01:30:00]} {[%emt 00:00:11]}
g6 {[%clk 01:30:00]} {[%emt 00:00:05]} 6. Be3 {[%clk 01:29:17]} {[%emt
00:00:52]} Bg7 {[%clk 01:30:00]} {[%emt 00:00:10]} 7. f3 {[%clk 01:29:17]}
{[%emt 00:00:08]} O-O {[%clk 01:30:00]} {[%emt 00:00:09]} 8. Qd2 {[%clk
01:29:17]} {[%emt 00:00:10]} Nc6 {[%clk 01:29:53]} {[%emt 00:00:18]} 9. O-O-O
{[%clk 01:29:16]} {[%emt 00:00:09]} d5 {[%clk 01:29:42]} {[%emt 00:00:22]} 10.
Qe1 {[%clk 01:29:15]} {[%emt 00:00:11]} e5 {[%clk 01:29:38]} {[%emt 00:00:14]}
11. Nxc6 {[%clk 01:29:11]} {[%emt 00:00:14]} bxc6 {[%clk 01:29:38]} {[%emt
00:00:06]} 12. exd5 {[%clk 01:29:11]} {[%emt 00:00:09]} Nxd5 {[%clk 01:29:37]}
{[%emt 00:00:11]} 13. Bc4 {[%clk 01:28:55]} {[%emt 00:00:26]} Be6 {[%clk
01:29:33]} {[%emt 00:00:14]} 14. Kb1 {[%clk 01:27:36]} {[%emt 00:01:28]} a5
{[%clk 01:28:11]} {[%emt 00:01:33]} 15. g4 {[%clk 01:25:37]} {[%emt 00:02:09]}
Qf6 {[%clk 01:18:41]} {[%emt 00:09:39]} 16. Nxd5 {[%clk 01:09:09]} {[%emt
00:16:38]} cxd5 {[%clk 01:18:10]} {[%emt 00:00:42]} 17. Bxd5 {[%clk 01:08:36]}
{[%emt 00:00:43]} Bxd5 {[%clk 01:17:58]} {[%emt 00:00:22]} 18. Rxd5 {[%clk
01:08:22]} {[%emt 00:00:24]} Qxf3 {[%clk 01:16:26]} {[%emt 00:01:41]} 19. Rb5
{[%clk 01:04:56]} {[%emt 00:03:38]} Qxg4 {[%clk 01:10:24]} {[%emt 00:06:11]} 20.
Rxa5 {[%clk 00:50:43]} {[%emt 00:14:23]} f5 {[%clk 01:06:02]} {[%emt 00:04:33]}
21. Rxa8 {[%clk 00:47:42]} {[%emt 00:03:11]} Rxa8 {[%clk 01:06:02]} {[%emt
00:00:08]} 22. Qd2 {[%clk 00:44:14]} {[%emt 00:03:37]} Qc4 {[%clk 01:02:57]}
{[%emt 00:03:14]} 23. b3 {[%clk 00:38:37]} {[%emt 00:05:47]} Qc6 {[%clk
01:02:14]} {[%emt 00:00:54]} 24. Rd1 {[%clk 00:36:45]} {[%emt 00:02:01]} f4
{[%clk 01:01:13]} {[%emt 00:01:12]} 25. Bf2 {[%clk 00:36:06]} {[%emt 00:00:48]}
e4 {[%clk 00:58:57]} {[%emt 00:02:27]} 26. a4 {[%clk 00:26:28]} {[%emt
00:09:48]} Re8 {[%clk 00:53:38]} {[%emt 00:05:29]} 27. Be1 {[%clk 00:21:32]}
{[%emt 00:05:06]} e3 {[%clk 00:52:34]} {[%emt 00:01:15]} 28. Qa5 {[%clk
00:20:41]} {[%emt 00:01:00]} Qf6 {[%clk 00:51:24]} {[%emt 00:01:22]} 29. c3
{[%clk 00:20:25]} {[%emt 00:00:25]} Qf5+ {[%clk 00:50:43]} {[%emt 00:00:52]} 30.
Qxf5 {[%clk 00:20:23]} {[%emt 00:00:11]} gxf5 {[%clk 00:50:43]} {[%emt
00:00:03]} 31. Kc2 {[%clk 00:20:15]} {[%emt 00:00:18]} f3 {[%clk 00:50:38]}
{[%emt 00:00:15]} 32. Bg3 {[%clk 00:20:10]} {[%emt 00:00:14]} f4 {[%clk
00:50:28]} {[%emt 00:00:20]} 33. Bxf4 {[%clk 00:20:02]} {[%emt 00:00:18]} e2
{[%clk 00:50:25]} {[%emt 00:00:14]} 34. Re1 {[%clk 00:20:02]} {[%emt 00:00:07]}
f2 {[%clk 00:50:25]} {[%emt 00:00:05]} 35. Bg3 {[%clk 00:20:02]} {[%emt
00:00:03]} f1=Q {[%clk 00:50:23]} {[%emt 00:00:13]} 0-1

[Event "2023 US National Elementary K-6 Championship"]
[Site "Baltimore, Maryland, United States"]
[Date "2023.05.14"]
[Round "7.16"]
[White "Shangin, Lev"]
[Black "Yue, Tariq"]
[Result "1-0"]
[TimeControl "G/90; d10"]
[WhiteElo "1891"]
[BlackElo "2041"]

1. d4 {[%clk 01:30:00]} {[%emt 00:00:09]} Nf6 {[%clk 01:29:53]} {[%emt
00:00:18]} 2. c4 {[%clk 01:29:41]} {[%emt 00:00:29]} g6 {[%clk 01:29:53]}
{[%emt 00:00:08]} 3. Nc3 {[%clk 01:29:19]} {[%emt 00:00:31]} Bg7 {[%clk
01:29:48]} {[%emt 00:00:13]} 4. e4 {[%clk 01:28:36]} {[%emt 00:00:46]} d6
{[%clk 01:29:24]} {[%emt 00:00:44]} 5. Nf3 {[%clk 01:27:56]} {[%emt 00:00:51]}
O-O {[%clk 01:29:04]} {[%emt 00:00:29]} 6. Be2 {[%clk 01:27:41]} {[%emt
00:00:25]} e5 {[%clk 01:28:46]} {[%emt 00:00:26]} 7. Be3 {[%clk 01:27:01]}
{[%emt 00:00:52]} Nc6 {[%clk 01:27:22]} {[%emt 00:01:35]} 8. d5 {[%clk
01:24:42]} {[%emt 00:02:29]} Ne7 {[%clk 01:26:58]} {[%emt 00:00:32]} 9. Nd2
{[%clk 01:23:18]} {[%emt 00:01:29]} Ne8 {[%clk 01:24:56]} {[%emt 00:02:18]} 10.
c5 {[%clk 01:22:05]} {[%emt 00:01:23]} f5 {[%clk 01:23:24]} {[%emt 00:01:42]}
11. f3 {[%clk 01:21:36]} {[%emt 00:00:39]} f4 {[%emt 00:02:26]} 12. Bf2 {[%clk
01:20:57]} g5 {[%clk 01:19:20]} {[%emt 00:02:46]} 13. Nc4 {[%clk 01:18:55]}
{[%emt 00:02:12]} Ng6 {[%clk 01:15:21]} {[%emt 00:04:09]} 14. Qb3 {[%clk
01:16:23]} {[%emt 00:02:44]} Rf7 {[%clk 01:10:01]} {[%emt 00:05:27]} 15. O-O-O
{[%clk 01:15:28]} {[%emt 00:01:07]} h5 {[%clk 01:06:10]} {[%emt 00:04:00]} 16.
Kb1 {[%clk 01:12:40]} {[%emt 00:02:59]} h4 {[%clk 01:02:35]} {[%emt 00:03:45]}
17. h3 {[%clk 01:05:19]} {[%emt 00:07:29]} Bf8 {[%clk 01:00:13]} {[%emt
00:02:33]} 18. cxd6 {[%clk 01:03:20]} {[%emt 00:02:10]} cxd6 {[%clk 00:58:33]}
{[%emt 00:01:49]} 19. Rc1 {[%clk 00:58:49]} {[%emt 00:04:41]} b6 {[%clk
00:54:36]} {[%emt 00:04:07]} 20. Rc2 {[%clk 00:56:17]} {[%emt 00:02:43]} Nf6
{[%clk 00:52:58]} {[%emt 00:01:46]} 21. Rhc1 {[%clk 00:54:31]} {[%emt
00:01:57]} Nd7 {[%clk 00:51:23]} {[%emt 00:01:45]} 22. Qa3 {[%clk 00:50:53]}
{[%emt 00:03:44]} Nc5 {[%clk 00:46:48]} {[%emt 00:04:49]} 23. b4 {[%clk
00:50:07]} {[%emt 00:00:56]} Nd7 {[%clk 00:43:22]} {[%emt 00:03:33]} 24. Nb5
{[%clk 00:47:54]} {[%emt 00:02:26]} Nb8 {[%clk 00:33:28]} {[%emt 00:10:03]} 25.
Nxb6 {[%clk 00:46:06]} {[%emt 00:01:59]} axb6 {[%clk 00:31:18]} {[%emt
00:02:20]} 26. Qxa8 {[%clk 00:44:32]} {[%emt 00:01:45]} Bb7 {[%clk 00:29:05]}
{[%emt 00:02:22]} 27. Qa3 {[%clk 00:44:30]} {[%emt 00:00:12]} Rd7 {[%clk
00:23:23]} {[%emt 00:05:51]} 28. Nc7 {[%clk 00:43:37]} {[%emt 00:01:04]} Be7
{[%clk 00:21:32]} {[%emt 00:02:01]} 29. Ne6 {[%clk 00:43:24]} {[%emt 00:00:23]}
Qe8 {[%clk 00:21:32]} {[%emt 00:00:08]} 30. Bb5 {[%clk 00:43:24]} {[%emt
00:00:07]} 1-0

[Event "2023 US National Elementary K-6 Championship"]
[Site "Baltimore, Maryland, United States"]
[Date "2023.05.14"]
[Round "7.18"]
[White "Wong, Eugene"]
[Black "Jani, Aakash"]
[Result "1/2-1/2"]
[TimeControl "G/90; d10"]
[WhiteElo "1612"]
[BlackElo "1650"]

1. c4 {[%clk 01:30:00]} e5 {[%clk 01:30:00]} 2. Nc3 {[%clk 01:30:00]} Nf6
{[%clk 01:30:00]} 3. g3 {[%clk 01:30:00]} {[%emt 00:00:14]} d5 {[%clk
01:30:00]} 4. cxd5 {[%clk 01:30:00]} Nxd5 {[%clk 01:30:00]} {[%emt 00:00:13]} 5.
Bg2 {[%clk 01:30:00]} Nb6 {[%clk 01:29:58]} {[%emt 00:00:09]} 6. e3 {[%clk
01:30:00]} {[%emt 00:00:18]} Nc6 {[%clk 01:29:53]} {[%emt 00:00:06]} 7. Nge2
{[%clk 01:30:00]} {[%emt 00:00:25]} Be7 {[%clk 01:29:36]} {[%emt 00:00:20]} 8.
O-O {[%clk 01:29:41]} {[%emt 00:00:19]} O-O {[%clk 01:29:36]} {[%emt 00:00:09]}
9. f4 {[%clk 01:29:26]} {[%emt 00:00:45]} exf4 {[%clk 01:28:40]} {[%emt
00:00:42]} 10. Nxf4 {[%clk 01:29:26]} {[%emt 00:00:28]} Bd6 {[%clk 01:21:44]}
{[%emt 00:06:51]} 11. b3 {[%clk 01:25:52]} {[%emt 00:03:40]} Bxf4 {[%clk
01:19:21]} {[%emt 00:02:31]} 12. Rxf4 {[%clk 01:24:54]} {[%emt 00:01:08]} Be6
{[%clk 01:19:12]} {[%emt 00:00:24]} 13. Bb2 {[%clk 01:23:22]} {[%emt 00:02:23]}
Qd7 {[%clk 01:15:59]} {[%emt 00:03:03]} 14. d4 {[%clk 01:17:30]} {[%emt
00:06:02]} Rad8 {[%clk 01:14:54]} {[%emt 00:00:46]} 15. Qh5 {[%clk 01:14:44]}
{[%emt 00:03:08]} f5 {[%clk 01:07:56]} {[%emt 00:07:02]} 16. Rh4 {[%clk
01:11:53]} {[%emt 00:02:59]} h6 {[%clk 01:03:03]} {[%emt 00:05:31]} 17. Rd1
{[%clk 01:05:23]} {[%emt 00:06:06]} Qf7 {[%clk 00:59:31]} {[%emt 00:03:49]} 18.
Qxf7+ {[%clk 01:03:12]} {[%emt 00:02:22]} Rxf7 {[%clk 00:58:16]} {[%emt
00:01:19]} 19. Ne2 {[%clk 00:55:01]} {[%emt 00:08:21]} Nd5 {[%clk 00:52:58]}
{[%emt 00:05:30]} 20. Kf2 {[%clk 00:46:45]} {[%emt 00:08:26]} Nf6 {[%clk
00:43:16]} {[%emt 00:10:08]} 21. Nf4 {[%clk 00:38:30]} {[%emt 00:08:09]} Bc8
{[%clk 00:42:56]} {[%emt 00:00:24]} 22. Bxc6 {[%clk 00:35:15]} {[%emt
00:03:32]} bxc6 {[%clk 00:42:54]} {[%emt 00:00:08]} 23. Ng6 {[%clk 00:32:24]}
{[%emt 00:03:03]} Ne4+ {[%clk 00:41:18]} {[%emt 00:01:44]} 24. Ke2 {[%clk
00:29:14]} {[%emt 00:03:20]} Ba6+ {[%clk 00:41:17]} {[%emt 00:00:33]} 25. Ke1
{[%clk 00:28:55]} {[%emt 00:00:10]} Kh7 {[%clk 00:35:38]} {[%emt 00:05:46]} 26.
Ne5 {[%clk 00:28:06]} {[%emt 00:00:58]} Rf6 {[%clk 00:34:45]} {[%emt 00:01:43]}
27. Rf4 {[%clk 00:27:13]} {[%emt 00:00:24]} g5 {[%clk 00:34:45]} {[%emt
00:00:13]} 28. Rf3 {[%clk 00:26:58]} {[%emt 00:00:19]} g4 {[%clk 00:32:38]}
{[%emt 00:02:21]} 29. Rf4 {[%clk 00:26:25]} {[%emt 00:00:43]} Re8 {[%clk
00:31:13]} {[%emt 00:01:34]} 30. Nd7 {[%clk 00:25:05]} {[%emt 00:01:35]} Rf7
{[%clk 00:26:41]} {[%emt 00:04:39]} 31. Ne5 {[%clk 00:24:51]} {[%emt 00:00:24]}
Rf6 {[%clk 00:26:08]} {[%emt 00:00:41]} 32. Nd7 {[%clk 00:24:45]} {[%emt
00:00:16]} 1/2-1/2

[Event "2023 US National Elementary K-6 Championship"]
[Site "Baltimore, Maryland, United States"]
[Date "2023.05.14"]
[Round "7.19"]
[White "Alexander, Damian"]
[Black "Cheng, Samuel"]
[Result "0-1"]
[TimeControl "G/90; d10"]
[WhiteElo "1536"]
[BlackElo "1767"]

1. e4 {[%clk 01:30:00]} {[%emt 00:00:09]} c6 {[%clk 01:30:00]} {[%emt
00:00:03]} 2. d4 {[%clk 01:30:00]} d5 {[%clk 01:30:00]} {[%emt 00:00:09]} 3.
Nc3 {[%clk 01:30:00]} {[%emt 00:00:12]} dxe4 {[%clk 01:30:00]} 4. Nxe4 {[%clk
01:29:55]} {[%emt 00:00:14]} Nf6 {[%clk 01:30:00]} 5. Ng3 {[%clk 01:29:54]}
{[%emt 00:00:22]} h5 {[%clk 01:29:38]} {[%emt 00:00:33]} 6. h4 {[%clk
01:29:54]} Qc7 {[%clk 01:28:49]} {[%emt 00:00:51]} 7. Nf3 {[%clk 01:29:54]}
{[%emt 00:00:50]} Bg4 {[%clk 01:28:19]} {[%emt 00:00:14]} 8. Be2 {[%clk
01:29:54]} {[%emt 00:00:21]} e6 {[%clk 01:28:05]} 9. Ne5 {[%clk 01:29:51]}
{[%emt 00:00:14]} Bxe2 {[%clk 01:27:54]} {[%emt 00:00:19]} 10. Qxe2 {[%clk
01:29:51]} {[%emt 00:00:06]} Bd6 {[%clk 01:27:02]} {[%emt 00:01:10]} 11. Bf4
{[%clk 01:28:47]} {[%emt 00:01:04]} Nbd7 {[%clk 01:24:09]} {[%emt 00:03:06]} 12.
Nxd7 {[%clk 01:28:34]} {[%emt 00:00:42]} Qxd7 {[%clk 01:24:02]} {[%emt
00:00:18]} 13. Bxd6 {[%clk 01:28:34]} Qxd6 {[%clk 01:23:58]} {[%emt 00:00:20]}
14. O-O-O {[%clk 01:28:34]} {[%emt 00:00:06]} O-O-O {[%clk 01:18:56]} {[%emt
00:05:52]} 15. Ne4 {[%clk 01:28:15]} Qf4+ {[%clk 01:18:31]} {[%emt 00:00:25]}
16. Nd2 {[%clk 01:28:15]} Rxd4 {[%clk 01:15:50]} {[%emt 00:02:54]} 17. g3
{[%clk 01:28:09]} {[%emt 00:00:05]} Qc7 {[%clk 01:10:45]} {[%emt 00:05:15]} 18.
Nf3 {[%clk 01:27:53]} {[%emt 00:00:20]} Ra4 {[%clk 01:07:17]} {[%emt 00:03:45]}
19. a3 {[%clk 01:27:35]} {[%emt 00:00:25]} Re4 {[%clk 01:05:36]} {[%emt
00:01:53]} 20. Qf1 {[%clk 01:27:10]} {[%emt 00:00:37]} Ng4 {[%clk 01:04:05]}
{[%emt 00:01:40]} 21. Ng5 {[%clk 01:26:53]} {[%emt 00:00:22]} Re5 {[%clk
01:03:10]} {[%emt 00:01:09]} 22. Nf3 {[%clk 01:26:10]} {[%emt 00:00:53]} Rd5
{[%clk 01:02:46]} {[%emt 00:00:45]} 23. Rxd5 {[%clk 01:26:07]} {[%emt
00:00:16]} cxd5 {[%clk 01:02:42]} {[%emt 00:00:11]} 24. Ng5 {[%clk 01:26:07]}
Rf8 {[%clk 01:01:31]} {[%emt 00:01:19]} 25. Qe2 {[%clk 01:25:27]} {[%emt
00:00:44]} Qc5 {[%clk 00:59:40]} {[%emt 00:02:06]} 26. Rf1 {[%clk 01:25:10]}
{[%emt 00:00:35]} Kb8 {[%clk 00:57:45]} {[%emt 00:01:58]} 27. f3 {[%clk
01:24:13]} {[%emt 00:01:07]} Ne3 {[%clk 00:56:31]} {[%emt 00:01:21]} 28. Re1
{[%clk 01:23:47]} {[%emt 00:00:38]} d4 {[%clk 00:56:28]} {[%emt 00:00:47]} 29.
Ne4 {[%clk 01:23:33]} Qc6 {[%clk 00:56:03]} {[%emt 00:00:37]} 30. Qd3 {[%clk
01:23:22]} {[%emt 00:00:09]} Rc8 {[%clk 00:54:39]} {[%emt 00:01:39]} 31. Re2
{[%clk 01:23:13]} {[%emt 00:00:26]} e5 {[%clk 00:52:26]} {[%emt 00:02:11]} 32.
Kb1 {[%clk 01:22:21]} {[%emt 00:01:00]} g6 {[%clk 00:50:08]} {[%emt 00:02:32]}
33. c3 {[%clk 01:21:45]} {[%emt 00:00:45]} Qb6 {[%clk 00:43:31]} {[%emt
00:07:01]} 34. f4 {[%clk 01:20:42]} {[%emt 00:00:58]} f5 {[%clk 00:40:45]}
{[%emt 00:03:02]} 35. cxd4 {[%clk 01:19:33]} {[%emt 00:01:16]} exd4 {[%clk
00:39:29]} {[%emt 00:01:23]} 36. Ng5 {[%clk 01:18:41]} {[%emt 00:01:27]} Rc3
{[%clk 00:38:06]} {[%emt 00:01:08]} 37. Qd2 {[%clk 01:17:20]} {[%emt 00:01:28]}
Rxa3 {[%clk 00:33:30]} {[%emt 00:04:49]} 38. Nf7 {[%clk 01:15:06]} {[%emt
00:02:18]} Qb3 {[%clk 00:32:13]} {[%emt 00:01:33]} 39. Qxd4 {[%clk 01:13:51]}
{[%emt 00:01:21]} Qa2+ {[%clk 00:31:35]} {[%emt 00:00:52]} 40. Kc1 {[%clk
01:13:46]} {[%emt 00:00:48]} Qa1+ {[%clk 00:31:35]} 41. Kd2 {[%clk 01:13:46]}
Qd1# 0-1

[Event "2023 US National Elementary K-6 Championship"]
[Site "Baltimore, Maryland, United States"]
[Date "2023.05.14"]
[Round "7.3"]
[White "Zhuang, Kyle"]
[Black "Williams, Oscar"]
[Result "1/2-1/2"]
[TimeControl "G/90; d10"]
[WhiteElo "1964"]
[BlackElo "2025"]

1. e4 {[%clk 01:30:00]} c5 {[%clk 01:30:00]} {[%emt 00:00:08]} 2. Nf3 {[%clk
01:30:00]} {[%emt 00:00:11]} d6 {[%clk 01:30:00]} 3. Bb5+ {[%clk 01:30:00]}
{[%emt 00:00:13]} Nd7 {[%clk 01:30:00]} 4. O-O {[%clk 01:30:00]} {[%emt
00:00:04]} a6 {[%clk 01:30:00]} {[%emt 00:00:18]} 5. Bxd7+ {[%clk 01:30:00]}
Bxd7 {[%clk 01:30:00]} 6. c3 {[%clk 01:29:24]} {[%emt 00:00:45]} Nf6 {[%clk
01:29:57]} {[%emt 00:00:13]} 7. Re1 {[%clk 01:29:24]} {[%emt 00:00:42]} e6
{[%clk 01:29:49]} {[%emt 00:00:04]} 8. d4 {[%clk 01:29:24]} Be7 {[%clk
01:29:29]} {[%emt 00:00:16]} 9. Bg5 {[%clk 01:27:25]} {[%emt 00:02:05]} h6
{[%clk 01:28:43]} {[%emt 00:01:18]} 10. Bh4 {[%clk 01:27:21]} O-O {[%clk
01:28:20]} {[%emt 00:00:26]} 11. Nbd2 {[%clk 01:23:15]} {[%emt 00:04:16]} cxd4
{[%clk 01:28:04]} {[%emt 00:00:26]} 12. cxd4 {[%clk 01:23:15]} {[%emt
00:00:09]} Bc6 {[%clk 01:27:09]} {[%emt 00:00:57]} 13. Rc1 {[%clk 01:19:45]}
{[%emt 00:03:40]} Rc8 {[%clk 01:26:42]} {[%emt 00:00:38]} 14. Qb3 {[%clk
01:15:30]} {[%emt 00:04:27]} b5 {[%clk 01:24:44]} {[%emt 00:02:05]} 15. a3
{[%clk 01:11:11]} {[%emt 00:04:36]} Bb7 {[%clk 01:18:49]} {[%emt 00:06:05]} 16.
Qd3 {[%clk 01:09:50]} {[%emt 00:01:23]} Qd7 {[%clk 01:14:32]} {[%emt 00:04:30]}
17. b4 {[%clk 01:07:00]} {[%emt 00:03:03]} Rc6 {[%clk 01:09:59]} {[%emt
00:04:39]} 18. Rxc6 {[%clk 00:59:28]} {[%emt 00:08:08]} Qxc6 {[%clk 01:09:47]}
19. Nb3 {[%clk 00:58:06]} {[%emt 00:01:33]} Rc8 {[%clk 01:07:42]} {[%emt
00:02:10]} 20. e5 {[%clk 00:55:54]} {[%emt 00:02:26]} Nd5 {[%clk 01:06:39]}
{[%emt 00:01:32]} 21. Bxe7 {[%clk 00:55:41]} {[%emt 00:00:06]} Nxe7 {[%clk
01:06:39]} 22. Na5 {[%clk 00:55:29]} {[%emt 00:00:18]} Qd5 {[%clk 01:04:23]}
{[%emt 00:02:25]} 23. exd6 {[%clk 00:52:18]} {[%emt 00:03:25]} Nf5 {[%clk
01:02:36]} {[%emt 00:01:54]} 24. Nxb7 {[%clk 00:52:14]} {[%emt 00:00:16]} Qxb7
{[%clk 01:02:36]} {[%emt 00:00:07]} 25. d5 {[%clk 00:51:52]} {[%emt 00:00:31]}
Qd7 {[%clk 00:59:59]} {[%emt 00:02:47]} 26. dxe6 {[%clk 00:47:50]} {[%emt
00:04:09]} fxe6 {[%clk 00:59:12]} {[%emt 00:01:10]} 27. g4 {[%clk 00:46:10]}
{[%emt 00:01:43]} Nxd6 {[%clk 00:56:43]} {[%emt 00:02:34]} 28. Rd1 {[%clk
00:45:50]} {[%emt 00:00:40]} Rd8 {[%clk 00:56:14]} {[%emt 00:00:30]} 29. Ne5
{[%clk 00:39:13]} {[%emt 00:06:47]} Qe8 {[%clk 00:53:24]} {[%emt 00:03:05]} 30.
Qf3 {[%clk 00:34:49]} {[%emt 00:04:32]} Nc4 {[%clk 00:45:39]} {[%emt 00:08:11]}
31. Rxd8 {[%clk 00:34:17]} {[%emt 00:00:25]} Qxd8 {[%clk 00:45:39]} {[%emt
00:00:08]} 32. Qf7+ {[%clk 00:29:07]} {[%emt 00:05:53]} Kh8 {[%clk 00:45:05]}
{[%emt 00:00:06]} 33. Ng6+ {[%clk 00:22:35]} {[%emt 00:06:45]} Kh7 {[%clk
00:45:00]} {[%emt 00:00:32]} 34. Nf8+ {[%clk 00:17:02]} {[%emt 00:05:23]} Kh8
{[%clk 00:44:33]} {[%emt 00:00:37]} 35. Qxg7+ {[%clk 00:12:19]} {[%emt
00:04:57]} Kxg7 {[%clk 00:44:32]} {[%emt 00:00:07]} 36. Nxe6+ {[%clk 00:12:19]}
{[%emt 00:00:12]} Kf6 {[%clk 00:44:15]} {[%emt 00:00:25]} 37. Nxd8 {[%clk
00:12:19]} {[%emt 00:00:18]} Nxa3 {[%clk 00:44:07]} {[%emt 00:00:10]} 38. Nc6
{[%clk 00:12:06]} {[%emt 00:00:15]} Nc2 {[%clk 00:43:36]} {[%emt 00:00:41]} 39.
h4 {[%clk 00:10:13]} {[%emt 00:02:12]} Ke6 {[%clk 00:40:44]} {[%emt 00:02:50]}
40. f4 {[%clk 00:09:02]} {[%emt 00:01:27]} Ne3 {[%clk 00:39:37]} {[%emt
00:01:37]} 41. g5 {[%clk 00:09:02]} {[%emt 00:00:03]} Nd5 {[%clk 00:37:26]}
{[%emt 00:02:04]} 42. Nd4+ {[%clk 00:04:56]} {[%emt 00:04:14]} Kf7 {[%clk
00:37:15]} {[%emt 00:00:21]} 43. f5 {[%clk 00:03:52]} {[%emt 00:01:14]} hxg5
{[%clk 00:36:55]} {[%emt 00:00:30]} 44. hxg5 {[%clk 00:03:52]} {[%emt
00:00:10]} Nxb4 {[%clk 00:36:50]} {[%emt 00:00:09]} 45. Kf2 {[%clk 00:03:38]}
{[%emt 00:00:21]} Nd5 {[%clk 00:36:36]} {[%emt 00:00:23]} 46. Ke2 {[%clk
00:03:27]} {[%emt 00:00:33]} Ne7 {[%clk 00:36:26]} {[%emt 00:00:08]} 47. Kd3
{[%clk 00:03:27]} {[%emt 00:00:06]} Nxf5 {[%clk 00:36:15]} {[%emt 00:00:21]} 48.
Nxf5 {[%clk 00:03:27]} {[%emt 00:00:11]} Kg6 {[%clk 00:36:14]} {[%emt
00:00:04]} 49. Nd4 {[%clk 00:03:27]} {[%emt 00:00:17]} Kxg5 {[%clk 00:36:14]}
{[%emt 00:00:03]} 50. Nxb5 {[%clk 00:03:27]} axb5 {[%clk 00:36:14]} 51. Kc3
{[%clk 00:03:27]} {[%emt 00:00:03]} Kf5 {[%clk 00:36:14]} {[%emt 00:00:07]} 52.
Kb4 {[%clk 00:03:27]} {[%emt 00:00:12]} Ke5 {[%clk 00:36:13]} {[%emt 00:00:15]}
53. Kxb5 {[%emt 00:00:54]} 1/2-1/2